| 000 | 00741nam a2200253Ia 4500 | ||
|---|---|---|---|
| 008 | 160803s9999 xx 000 0 und d | ||
| 020 | _a9780439236201 | ||
| 100 | _aDolch, Edward W. | ||
| 245 | _aGulliver's Stories / | ||
| 245 | _cretold from Jonathan Swift ; by Edward W. Dolch, Marguerite P. Dolch, and Beulah F. Jackson ; drawings by Jean-Jacques Vayssières. | ||
| 260 | _aNew York : | ||
| 260 | _bScholastic Inc. | ||
| 260 | _c2001 | ||
| 300 | _a166 pages : | ||
| 300 | _billustrations ; | ||
| 300 | _c19 cm. | ||
| 650 | _aFantasy -- | ||
| 650 | _aFantasy. | ||
| 650 | _aVoyages and travels -- | ||
| 650 | _aVoyages and travels. | ||
| 650 | _xJuvenile fiction. | ||
| 650 | _xJuvenile fiction. | ||
| 700 | _a800 | ||
| 999 |
_c298289 _d298289 |
||